| 000 | 00837cam a22002294a 4500 | ||
|---|---|---|---|
| 005 | 20260205153530.0 | ||
| 008 | 110216s2011 ncua b 001 0 eng c | ||
| 020 | _a9780822351092 | ||
| 040 |
_aKABLIB _cKABLIB _erda |
||
| 082 | 0 | 0 |
_a363.73 _223 _bPIL |
| 100 | 1 |
_aPilkey, Orrin H., _d1934- _915468 |
|
| 245 | 1 | 0 |
_aGlobal climate change : _ba primer / _cOrrin H. Pilkey, Keith C. Pilkey ; with batik art by Mary Edna Fraser. |
| 260 |
_aDurham, NC : _bDuke University Press, _cc2011. |
||
| 300 |
_axi, 142 p. : _bcol. ill. ; _c24 cm. |
||
| 504 | _aIncludes bibliographical references (p. [131]-137), index. | ||
| 650 | 0 |
_aClimatic changes. _913048 |
|
| 650 | 0 |
_aGlobal temperature changes. _915469 |
|
| 650 | 0 |
_aGlobal warming. _95860 |
|
| 700 | 1 |
_aPilkey, Keith C., _d1965- _915470 |
|
| 700 | 1 |
_aFraser, Mary Edna. _915471 |
|
| 942 |
_2ddc _cBOOK |
||
| 999 |
_c6088 _d6088 |
||